الشفرة الوراثية للإنسان : (رقم التسجيلة. 21363)

تفاصيل مارك
000 -LEADER
fixed length control field 00815nam a22001937a 4500
005 - DATE AND TIME OF LATEST TRANSACTION
control field 20251108165157.0
008 - FIXED-LENGTH DATA ELEMENTS--GENERAL INFORMATION
fixed length control field 250721s1997 xx 000 0 ara d
082 14 - DEWEY DECIMAL CLASSIFICATION NUMBER
Classification number 575.1/شفر
100 1# - MAIN ENTRY--PERSONAL NAME
Personal name كيفلس، دانييل
Relator term محرر
245 10 - TITLE STATEMENT
Title الشفرة الوراثية للإنسان :
Remainder of title القضايا العلمية و الإجتماعية لمشروع الجينوم البشري /
264 1# - PRODUCTION, PUBLICATION, DISTRIBUTION, MANUFACTURE, AND COPYRIGHT NOTICE
Place of production, publication, distribution, manufacture الكويت :
Name of producer, publisher, distributor, manufacturer المجلس الوطني للثقافة و الفنون و الآداب،
Date of production, publication, distribution, manufacture, or copyright notice 1997.
300 ## - PHYSICAL DESCRIPTION
Extent 462ص
490 0# - SERIES STATEMENT
Series statement عالم المعرفة : سلسلة كتب ثقافية شهرية يصدرها المجلس ... ؛ 217
650 17 - SUBJECT ADDED ENTRY--TOPICAL TERM
Topical term or geographic name as entry element الوراثة
700 1# - ADDED ENTRY--PERSONAL NAME
Personal name هود، ليروى
Relator term تحرير
700 1# - ADDED ENTRY--PERSONAL NAME
Personal name مستجير، أحمد
Relator term ترجمة
942 ## - ADDED ENTRY ELEMENTS (KOHA)
Source of classification or shelving scheme Dewey Decimal Classification
Koha item type كتب
المقتنيات
حالة السحب حالة الفقدان مصدر التصنيف حالة التلف غير قابل للإعارة المكتبة الرئيسية المكتبة الحالية موقع الرف تاريخ التزويد الرقم المتسلسل Total Checkouts رقم الإستدعاء الباركود تاريخ آخر ظهور تاريخ الفاتورة نوع المادة (كوها)
    Dewey Decimal Classification     المكتبة المركزية المكتبة المركزية الإعارة 06/07/2004 242345   575.1/شفر 242345 28/07/2025 06/07/2004 كتب
    Dewey Decimal Classification Unchecked   مكتبة أم قصير والمقابلين العامة مكتبة أم قصير والمقابلين العامة الإعارة 06/07/2004 5006   575.1/شفر   28/07/2025 06/07/2004 كتب
    Dewey Decimal Classification     مكتبة الأميرة ايمان العامة مكتبة الأميرة ايمان العامة الإعارة 16/11/2013 [9469]   575.1/شفر PLD00286535 28/07/2025 16/11/2013 كتب
    Dewey Decimal Classification     مكتبة الأميرة سلمى مكتبة الأميرة سلمى الإعارة 15/06/2015 1464936   575.1/شفر PLD00331378 28/07/2025 15/06/2015 كتب
    Dewey Decimal Classification Unchecked   مكتبة الاميرة بديعة مكتبة الاميرة بديعة الإعارة 06/07/2004 5679   575.1/شفر   28/07/2025 06/07/2004 كتب
    Dewey Decimal Classification Unchecked   مكتبة الجويدة مكتبة الجويدة الإعارة 06/07/2004 5665   575.1/شفر   28/07/2025 06/07/2004 كتب
    Dewey Decimal Classification     مكتبة الحسن العامة مكتبة الحسن العامة الإعارة 15/09/2018 010065   575.1/شفر PLD00431703 28/07/2025 15/09/2018 كتب
    Dewey Decimal Classification Unchecked   مكتبة النصر العامة مكتبة النصر العامة الإعارة 06/07/2004 8336   575.1/شفر   28/07/2025 06/07/2004 كتب
    Dewey Decimal Classification     مكتبة حمزة العامة مكتبة حمزة العامة الإعارة 18/05/2015 [5470]   575.1/شفر PLD00324814 28/07/2025 18/05/2015 كتب
    Dewey Decimal Classification     مكتبة صويلح العامة مكتبة صويلح العامة الإعارة 03/06/2019 {11865}   575.1/شفر PLD00453706 28/07/2025 03/06/2019 كتب
    Dewey Decimal Classification     مكتبة وادي السير العامة مكتبة وادي السير العامة الإعارة 18/07/1980 [6504]......   575.1/شفر PLD00376082 28/07/2025 18/07/1980 كتب
Implemented & Customized by: BBB with SCIT (Smart Chains for Information Technology)

Powered by Koha